Proyecto de Código de Procedimiento Penal
Kaydedildi:
| Müşterek Yazar: | |
|---|---|
| Materyal Türü: | Kitap |
| Dil: | İspanyolca |
| Baskı/Yayın Bilgisi: |
Santiago
Imprenta Cervantes
1902
|
| Konular: | |
| Etiketler: |
Etiketle
Etiket eklenmemiş, İlk siz ekleyin!
|
MARC
| LEADER | 00000cam a2200000 a 4500 | ||
|---|---|---|---|
| 001 | UCR3844 | ||
| 003 | CL-VaPUC | ||
| 008 | 980130e19020000CL |||||||||||||||||spa|d | ||
| 082 | 0 | 4 | |a 345.05 |b COM |2 21 |
| 110 | 2 | |a Comisión Mixta de Senadores y Diputados |e author |9 403197 | |
| 245 | 1 | 0 | |a Proyecto de Código de Procedimiento Penal |
| 300 | |a 353 p | ||
| 942 | |c BK | ||
| 945 | |d 19980130 00:00:00 |a aolguin | ||
| 260 | |a Santiago |b Imprenta Cervantes |c 1902 | ||
| 650 | 7 | |a CODIGO DE PROCEDIMIENTO PENAL |2 CL-VaPUC |9 256474 | |
| 650 | 0 | |a Delitos |9 224143 | |
| 650 | 7 | |a CRIMINALES |2 CL-VaPUC |9 322996 | |
| 650 | 0 | |a Delincuencia |9 335739 | |
| 650 | 0 | |a Pruebas |9 256249 | |
| 650 | 7 | |a DERECHO PENAL |2 CL-VaPUC |9 11 | |
| 650 | 0 | |a Sentencias |9 256250 | |
| 650 | 0 | |a Procedimiento penal |9 254974 | |
| 651 | 7 | |a CHILE |2 CL-VaPUC |9 403198 | |
| 583 | |a last modification |c 20131009 06:23:58 |k Rodrigo Vera | ||
| 999 | |c 266864 |d 266862 | ||
| 952 | |0 0 |1 0 |2 ddc |4 0 |5 1 |6 345_050000000000000_COM_1902 |7 1 |8 C_LRYV |9 298880 |a FDOBRV |b BIBDER |d 2019-11-20 |i 1944185 |o 345.05 COM 1902 |p 1944185 |r 2023-01-25 |w 2019-11-20 |y BK_X |k BRV | ||
| 952 | |0 0 |1 0 |2 ddc |3 erd |4 0 |5 1 |6 345_050000000000000_COM_1902 |7 1 |8 C_LRYV |9 298881 |a FDOBRV |b BIBDER |d 2019-11-20 |i 5020301 |o 345.05 COM 1902 |p 5020301 |r 2023-01-25 |w 2019-11-20 |y BK_X |z Catalogado en:20131011 |k BRV | ||